Last stage to Sunset Creek /

Saved in:
Bibliographic Details
Main Author: Lee, Jesse
Format: Book
Language:English
Published: London : Hale, 1975.
Series:A John Gresham Western
Subjects:
LEADER 00875nam a2200253 i 4500
001 c000078573
003 CARM
005 00000000000000.0
008 760320s1975 enk 00011 eng d
015 |a B7609470 
019 1 |a 3554110  |5 LACONCORD2021 
020 |a 070914993X :  |c L.1.95 
035 |a (OCoLC)16297058  |5 LACONCORD2021 
100 1 |a Lee, Jesse. 
245 1 0 |a Last stage to Sunset Creek /  |c by Jesse Lee. 
260 |a London :  |b Hale,  |c 1975. 
300 |a 155 p. ;  |c 20cm. 
490 0 |a A John Gresham Western 
500 |a Fiction in English, 1900-. Texts (BNB/PRECIS) 
650 0 |a English fiction. 
852 8 |b CARM  |h A2:AG32G0  |i A01546  |p 0123962  |f BK 
082 0 4 |a 823/.9/1  |2 18 
999 f f |i 67bc203d-3e6f-567d-999b-e328c88fb0ea  |s b46361ef-a534-5b40-86c8-01a200f98b95 
952 f f |p Can circulate  |a CAVAL  |b CAVAL  |c CAVAL  |d CARM 1 Store  |e A01546  |f A2:AG32G0  |h Other scheme  |i book  |m 0123962